Auswanderungen Fidschi - Statistiken

Allgemein
  • Dieses Quiz wurde 33 mal gespielt
  • Das Durchschnittsergebnis liegt bei 13 aus 19
Antwortstatistiken
Platz Land Anzahl % Korrekt
1. Australien 96.960
100%
2. Vereinigte Staaten <40.000
100%
5. Deutschland 5.000
97%
4. Neuseeland 7.000
97%
3. Kanada 17.815
93%
5. Frankreich 5.000
90%
13. Italien 390
90%
12. Spanien 400
90%
7. Vereinigtes Königreich 4.500
86%
14. Schweiz 367
76%
9. Argentinien 540
62%
10. Chile 500
62%
8. Südafrika 700
62%
17. Irland 330
59%
18. Papua Neu-Guinea 310
59%
19. Philippinen 300
45%
16. Uruguay 340
41%
15. Paraguay 354
31%
11. Simbabwe 453
7%
Keine übereinstimmenden Quizze gefunden
Verteilung der Resultate
Anzahl Personen mit jedem Resultat
Perzentil nach korrekt beantworteten Fragen
Ihre Resultats-Entwicklung
Sie haben dieses Quiz noch nicht gespielt